Longman complete course for the TOEFL tests :Preparation for the computer and paper tests

Guardado en:
Detalles Bibliográficos
Formato: Libro
Lenguaje:English
Publicado: Trẻ 2002
Materias:
Etiquetas: Agregar Etiqueta
Sin Etiquetas, Sea el primero en etiquetar este registro!
Thư viện lưu trữ: Mạng thư viện Đại học Đà Nẵng
LEADER 01039nam a2200301 a 4500
001 000002398
003 03416
005 20171229145311.0
008 171229s2002 eng
040 |a LSK 
041 0 |a ENG  |a VIE 
082 0 |a 420  |b PH-D 
245 0 0 |a Longman complete course for the TOEFL tests :Preparation for the computer and paper tests  |c Deborah Phillips ; Lê Hiền Thảo, Nguyễn Văn Phước chú giải 
260 |b Trẻ  |c 2002 
300 |a 676 pages  |c 20,5 cm. 
653 |a English language - Test 
852 |a Phòng Đọc 
901 |a 1 
927 |a Sách tham khảo 
OWN |a LSK 
AVA |a UDN50  |b LSK  |d 420 PH-D  |e available  |t Error 5001 Not defined in file expand_doc_bib_avail.  |f 1  |g 0  |h N  |i 0  |k 1 
999 |a From the UDN01 
AVA |a UDN50  |b LSK  |d 420 PH-D  |e available  |t Error 5001 Not defined in file expand_doc_bib_avail.  |f 1  |g 0  |h N  |i 0  |k 1 
TYP |a Monograph 
TYP |a Printed language 
980 |a Mạng thư viện Đại học Đà Nẵng